| 000 | 00469nam a22001577a 4500 | ||
|---|---|---|---|
| 999 |
_c7029 _d7029 |
||
| 008 | 200415b ||||| |||| 00| 0 eng d | ||
| 020 | _a978-0-07-301727-3 | ||
| 082 | _a651.73 MAX | ||
| 100 | _aMAXWELL,Dorothy | ||
| 245 |
_aPhone Skills for the information age _cDorothy Maxwell _hEnglish |
||
| 250 | _a3rd ed | ||
| 260 |
_aBoston _bMcGraw-Hill _c2006 |
||
| 300 |
_ax, 142p. _bIllustration _c27cm |
||
| 650 | _2Phone skills for the information age | ||
| 942 |
_2ddc _cBOOKS |
||